| 000 | 00717cas a2200181 4500 | ||
|---|---|---|---|
| 008 | 100920n eng u | ||
| 020 | _a9789994455249 | ||
| 035 | _a(Sirsi) a171417 | ||
| 050 |
_aDT1768.Z95: _bMAG 2009 |
||
| 100 | 1 | _aMagwaza Thnjiwe | |
| 245 |
_aRepresentation and Development of a South African Identity a case of Zulu Women's Dress/ _cThnjiwe Magwaza |
||
| 260 |
_aAddis Ababa: _bOrganisation for Social Science Research in Eastern and Southern Africa, _c2009 |
||
| 300 |
_avi,88p.: _bill. |
||
| 504 | _aIncludes Bibliographical References | ||
| 650 | _aZulu Women's Dress | ||
| 650 | _aSouth African Culture | ||
| 710 | _aOrganisation for Social Science Research in Eastern and Southern Africa | ||
| 999 |
_c115454 _d115454 |
||